000 00435nam a2200133Ia 4500
008 260210s9999 xx 000 0 und d
024 _a14B-006-BS, 14B-007-Bs & 14B-37-BS
082 _a005.072 MUH
100 _aMuhammad Saad Iqbal, Farheen Iqbal & Taha Bin Imran
245 0 _aSmart Tutor Finder (code book)
260 _aKarachi:
_bUITU,
_c2014
600 _aComputer Science
650 _aBachelor of Computer Science (BS)
999 _c32301
_d32301